000 00510nam a2200193 a 4500
001 6539
003 CO-ViMGA
008 141112s2004 ck r 000 u spa d
020 _a8475774497
040 _aCO-ViMGA
_bspa
_cCO-ViMGA
082 0 4 _a332.427 M121
100 1 _aMadanes, Cloe
_95377
245 1 0 _aEl significado oculto del dinero /
_cMadanes Cloe , Madanes Claudio
260 _aBarcelona :
_bJuan Granica,
_c1997
300 _a241 p
490 _aAlternativa
650 1 4 _aDINERO
942 _2ddc
_cBK
999 _c18509
_d18509